[Event "EU-ch 23rd"]
[Site "Vrnjacka Banja"]
[Date "2023.03.06"]
[Round "4"]
[White "Petrekanovic, Miroslav"]
[Black "David, Alexandru Vasile"]
[Result "0-1"]
[WhiteElo "2179"]
[BlackElo "2410"]
[PlyCount "98"]
[EventDate "2023.03.03"]
[EventType "swiss"]
[EventRounds "11"]
[EventCountry "SRB"]
[SourceTitle "CBM 213"]
[Source "ChessBase"]
[SourceDate "2023.04.30"]
[SourceVersion "1"]
[SourceVersionDate "2023.04.30"]
[SourceQuality "1"]

1. d4 d5 2. Nc3 Nf6 3. Bf4 a6 4. e3 e6 5. Nf3 b5 6. Bd3 Bb7 7. a3 Nbd7 8. Ne5 c5 9. Qf3 Be7 10. g4 c4 11. Be2 Nxe5 12. Bxe5 0-0 13. Bxf6 Bxf6 14. g5 Bxg5 15. h4 Bf6 16. Qg3 Bc6 17. f4 a5 18. Nd1 b4 19. Nf2 bxa3 20. bxa3 Ba4 21. Bd1 Rb8 22. Ng4 Kh8 23. h5 Rb2 24. Rh2 Qe7 25. Nxf6 Qxf6 26. Rg2 h6 27. Kd2 Rg8 28. Kc3 Rb7 29. Bf3 Qe7 30. f5 exf5 31. Qf4 Qe6 32. Rag1 Re7 33. Bxd5 Qf6 34. e4 Qb6 35. exf5 Rb8 36. Bxc4 f6 37. Kd2 Bxc2 38. Rxg7 Rxg7 39. Rxg7 Kxg7 40. Qg4+ Kh8 41. Kxc2 Qb1+ 42. Kc3 Qc1+ 43. Kd3 Rc8 44. Be6 Qc2+ 45. Ke3 Rc3+ 46. Kf4 Qh2+ 47. Ke4 Rg3 48. Qd1 Qg2+ 49. Kf4 Rh3 0-1

[Event "EU-ch 23rd"]
[Site "Vrnjacka Banja"]
[Date "2023.03.05"]
[Round "3"]
[White "Pastar, Slaven"]
[Black "Petrekanovic, Miroslav"]
[Result "1/2-1/2"]
[WhiteElo "2401"]
[BlackElo "2179"]
[PlyCount "123"]
[EventDate "2023.03.03"]
[EventType "swiss"]
[EventRounds "11"]
[EventCountry "SRB"]
[SourceTitle "CBM 213"]
[Source "ChessBase"]
[SourceDate "2023.04.30"]
[SourceVersion "1"]
[SourceVersionDate "2023.04.30"]
[SourceQuality "1"]

1. Nf3 d5 2. g3 c6 3. Bg2 Bg4 4. d4 Nd7 5. 0-0 e6 6. Nbd2 Ngf6 7. Re1 Bd6 8. e4 dxe4 9. Nxe4 Nxe4 10. Rxe4 Nf6 11. Re1 h6 12. c3 0-0 13. Qb3 Qb6 14. Nd2 Qxb3 15. axb3 Bc7 16. b4 a5 17. bxa5 Rxa5 18. Rxa5 Bxa5 19. Nb3 Bb6 20. Bf4 Ra8 21. Bd6 Bf5 22. h3 Bc2 23. Nd2 Bd3 24. f4 Ne8 25. Ba3 Bc7 26. Re3 Bc2 27. Nc4 Bb3 28. Nd2 Bc2 29. Nc4 Bb3 30. Ne5 Nd6 31. c4 Ba2 32. Bxd6 Bxd6 33. c5 Bxe5 34. dxe5 Rd8 35. Be4 Rd4 36. Kf2 Rb4 37. Re2 g6 38. Ke3 Rb3+ 39. Kf2 h5 40. h4 Kf8 41. Rd2 Ke7 42. Bd3 b5 43. Be2 Rb4 44. b3 Bb1 45. Bd1 Be4 46. Ke3 Bd5 47. Rd3 f6 48. exf6+ Kxf6 49. Kd2 Be4 50. Rd6 Bd5 51. Bc2 Bxb3 52. Kc3 Bxc2 53. Kxb4 Be4 54. Kc3 Bd5 55. Rd7 Kf5 56. Rg7 Kf6 57. Rg8 Kf5 58. Rg7 Kf6 59. Rb7 Kf5 60. Rg7 Kf6 61. Ra7 Kf5 62. Rg7 1/2-1/2

[Event "EU-ch 23rd"]
[Site "Vrnjacka Banja"]
[Date "2023.03.03"]
[Round "1"]
[White "Wieczorek, Oskar"]
[Black "Petrekanovic, Miroslav"]
[Result "1-0"]
[WhiteElo "2505"]
[BlackElo "2179"]
[PlyCount "79"]
[EventDate "2023.03.03"]
[EventType "swiss"]
[EventRounds "11"]
[EventCountry "SRB"]
[SourceTitle "CBM 213"]
[Source "ChessBase"]
[SourceDate "2023.04.30"]
[SourceVersion "1"]
[SourceVersionDate "2023.04.30"]
[SourceQuality "1"]

1. e4 c6 2. Nf3 d5 3. exd5 cxd5 4. Ne5 a6 5. d4 Nc6 6. c4 Nxe5 7. dxe5 d4 8. Bf4 g5 9. Bg3 Qa5+ 10. Nd2 h5 11. h4 g4 12. Bd3 Bh6 13. a3 Qxd2+ 14. Qxd2 Bxd2+ 15. Kxd2 Be6 16. Bf4 Nh6 17. Be4 0-0-0 18. g3 Kb8 19. Rac1 Ka7 20. Bg5 Rd7 21. Rhe1 Nf5 22. c5 Rc8 23. b4 Ng7 24. c6 bxc6 25. Rxc6 Rxc6 26. Bxc6 Rc7 27. Rc1 Kb6 28. Ba4 Rxc1 29. Kxc1 Nf5 30. Kd2 Bc4 31. Bd7 Be6 32. Be8 Ng7 33. Ba4 Nf5 34. Kd3 a5 35. Ke4 axb4 36. axb4 Ka6 37. Bc1 f6 38. Bb2 Bc8 39. exf6 exf6 40. Bxd4 1-0

[Event "Belgrade-chT Quality"]
[Site "Belgrade"]
[Date "2022.10.11"]
[Round "10.1"]
[White "Petrekanovic, Miroslav"]
[Black "Maksimovic, Bojan"]
[Result "1/2-1/2"]
[WhiteElo "2148"]
[BlackElo "2468"]
[PlyCount "68"]
[EventDate "2022.10.01"]
[EventType "team-tourn"]
[EventRounds "11"]
[EventCountry "SRB"]
[SourceTitle "EXT 2024"]
[Source "ChessBase"]
[SourceDate "2023.10.10"]
[SourceVersion "1"]
[SourceVersionDate "2023.10.10"]
[SourceQuality "1"]
[WhiteTeam "Belgrade Banjica"]
[BlackTeam "Belgrade Turbina"]
[WhiteTeamCountry "SRB"]
[BlackTeamCountry "SRB"]

1. e4 c5 2. b4 cxb4 3. Nf3 e6 4. d4 Nf6 5. Bd3 d5 6. e5 Ne4 7. a3 Nc6 8. 0-0 a5 9. Qe1 Be7 10. Bxe4 dxe4 11. Qxe4 0-0 12. c4 bxc3 13. Nxc3 Ra6 14. Rd1 Qd7 15. Ng5 Bxg5 16. Bxg5 h6 17. Bh4 Ne7 18. Bxe7 Qxe7 19. d5 exd5 20. Nxd5 Qe6 21. Nc7 Qg6 22. Qxg6 Rxg6 23. Nd5 Re8 24. f4 Bg4 25. Rd3 Bf5 26. Rd4 Rc6 27. Rad1 Be6 28. a4 Rc5 29. Nb6 g5 30. fxg5 hxg5 31. Nd7 Bxd7 32. Rxd7 Rexe5 33. Rxb7 Rf5 34. Rf1 Kg7 1/2-1/2

[Event "Belgrade-chT Quality"]
[Site "Belgrade"]
[Date "2022.10.10"]
[Round "9.2"]
[White "Petrekanovic, Miroslav"]
[Black "Petrovic, Aleksa"]
[Result "0-1"]
[WhiteElo "2148"]
[BlackElo "2237"]
[PlyCount "80"]
[EventDate "2022.10.01"]
[EventType "team-tourn"]
[EventRounds "11"]
[EventCountry "SRB"]
[SourceTitle "EXT 2024"]
[Source "ChessBase"]
[SourceDate "2023.10.10"]
[SourceVersion "1"]
[SourceVersionDate "2023.10.10"]
[SourceQuality "1"]
[WhiteTeam "Belgrade Banjica"]
[BlackTeam "Belgrade Radnicki"]
[WhiteTeamCountry "SRB"]
[BlackTeamCountry "SRB"]

1. d4 Nf6 2. Nc3 d5 3. Bf4 c5 4. e4 Nxe4 5. Nxe4 dxe4 6. d5 Qb6 7. Be5 Nd7 8. Bc3 Nf6 9. Qd2 e3 10. fxe3 Ne4 11. Qd3 Nxc3 12. Qxc3 e6 13. e4 exd5 14. exd5 Be7 15. Qb3 Qd6 16. Bb5+ Kf8 17. Be2 Bh4+ 18. g3 Bf6 19. Bf3 h5 20. Ne2 Bd7 21. Kf2 b5 22. c3 h4 23. Qc2 Re8 24. Rae1 Bg5 25. Nf4 Rxe1 26. Kxe1 hxg3 27. hxg3 Rxh1+ 28. Bxh1 Bxf4 29. gxf4 Qxf4 30. Bg2 Ke7 31. a4 a6 32. axb5 axb5 33. b3 Kd6 34. c4 f5 35. Qa2 bxc4 36. bxc4 Ke7 37. Qb2 Qh4+ 38. Kd1 Ba4+ 39. Ke2 Qxc4+ 40. Kd2 Qb4+ 0-1

[Event "Belgrade-chT Quality"]
[Site "Belgrade"]
[Date "2022.10.02"]
[Round "2.2"]
[White "Petrekanovic, Miroslav"]
[Black "Martic, Ivan"]
[Result "1-0"]
[WhiteElo "2148"]
[BlackElo "2264"]
[PlyCount "77"]
[EventDate "2022.10.01"]
[EventType "team-tourn"]
[EventRounds "11"]
[EventCountry "SRB"]
[SourceTitle "CBM 210 Extra"]
[Source "ChessBase"]
[SourceDate "2022.11.30"]
[SourceVersion "1"]
[SourceVersionDate "2022.11.30"]
[SourceQuality "1"]
[WhiteTeam "Belgrade Banjica"]
[BlackTeam "Belgrade Belgrade"]
[WhiteTeamCountry "SRB"]
[BlackTeamCountry "SRB"]

1. d4 Nf6 2. Nc3 d5 3. Bf4 a6 4. e3 b5 5. Nf3 e6 6. Bd3 Bb7 7. 0-0 c5 8. dxc5 Bxc5 9. a3 Nbd7 10. b4 Be7 11. Ne5 Nxe5 12. Bxe5 0-0 13. f4 Ne8 14. f5 Nf6 15. fxe6 fxe6 16. Qf3 Qd7 17. Qg3 Rf7 18. Rad1 Raf8 19. Ne2 Nh5 20. Rxf7 Rxf7 21. Qh3 g6 22. Nd4 Bc8 23. g4 Ng7 24. Qg3 Ne8 25. Nf3 Bd6 26. Rf1 Qc7 27. h4 Qb6 28. Kg2 Qc7 29. h5 gxh5 30. g5 Bxe5 31. Nxe5 Rxf1 32. Kxf1 Qg7 33. Qf4 Nd6 34. Nc6 Qc7 35. Ne5 Nf7 36. Bxh7+ Kxh7 37. g6+ Kg7 38. gxf7 Qe7 39. Qg3+ 1-0

[Event "Belgrade-chT Quality"]
[Site "Belgrade"]
[Date "2021.11.06"]
[Round "7.3"]
[White "Petrekanovic, Miroslav"]
[Black "Antonijevic, Zivorad"]
[Result "1-0"]
[WhiteElo "2141"]
[BlackElo "2042"]
[PlyCount "79"]
[EventDate "2021.10.16"]
[EventType "team-tourn"]
[EventRounds "11"]
[EventCountry "SRB"]
[SourceTitle "EXT 2023"]
[Source "ChessBase"]
[SourceDate "2022.10.05"]
[SourceVersion "1"]
[SourceVersionDate "2022.10.05"]
[SourceQuality "1"]
[WhiteTeam "Belgrade Banjica"]
[BlackTeam "Belgrade Sremcica"]
[WhiteTeamCountry "SRB"]
[BlackTeamCountry "SRB"]

1. d4 Nf6 2. Nc3 c5 3. d5 e5 4. e4 a6 5. a4 d6 6. h3 Be7 7. Nf3 0-0 8. Bd3 Nbd7 9. 0-0 Rb8 10. Qe2 g6 11. Bh6 Re8 12. Kh2 Nh5 13. g3 Ndf6 14. Nd2 Qd7 15. g4 Nf4 16. Qf3 Nxh3 17. Be2 Nxg4+ 18. Qxg4 Qxg4 19. Bxg4 Bxg4 20. Kg3 Bd7 21. Nc4 b5 22. axb5 axb5 23. Ra7 bxc4 24. Rxd7 Nf4 25. Ra1 g5 26. Nd1 f6 27. Raa7 Kf7 28. Ne3 Kg6 29. Nf5 Nxd5 30. Kg4 Rg8 31. exd5 Bf8 32. Rxh7 c3 33. Bxf8 Rb4+ 34. Kg3 cxb2 35. Nxd6 g4 36. Rh6+ Kg5 37. Rah7 Rxf8 38. Rh5+ Kg6 39. Nf5 b1Q 40. Nh4# 1-0

[Event "Belgrade-chT Quality"]
[Site "Belgrade"]
[Date "2020.10.24"]
[Round "5.1"]
[White "Petrekanovic, Miroslav"]
[Black "Savic, Nemanja"]
[Result "0-1"]
[WhiteElo "2155"]
[BlackElo "2110"]
[PlyCount "62"]
[EventDate "2020.10.09"]
[EventType "team-tourn"]
[EventRounds "9"]
[EventCountry "SRB"]
[SourceTitle "EXT 2022"]
[Source "ChessBase"]
[SourceDate "2021.10.06"]
[SourceVersion "1"]
[SourceVersionDate "2021.10.06"]
[SourceQuality "1"]
[WhiteTeam "Belgrade Banjica"]
[BlackTeam "Belgrade Batajnica"]
[WhiteTeamCountry "SRB"]
[BlackTeamCountry "SRB"]

1. d4 f5 2. c4 Nf6 3. Nc3 e6 4. Nf3 Be7 5. Qc2 b6 6. e4 fxe4 7. Nxe4 Bb7 8. Bd3 Nxe4 9. Bxe4 Bxe4 10. Qxe4 Bb4+ 11. Kf1 Nc6 12. d5 Na5 13. Bg5 Qc8 14. dxe6 dxe6 15. a3 Bd6 16. b4 Nb7 17. Qc6+ Kf7 18. Be3 Re8 19. Ng5+ Kg8 20. c5 Be7 21. Rd1 Bxg5 22. Bxg5 bxc5 23. bxc5 Rb8 24. Bd2 Re7 25. Bc3 Nd8 26. Qa4 Qb7 27. Kg1 Qc6 28. Qc4 Rd7 29. Re1 Qd5 30. Qa4 Rb3 31. Re3 Rxc3 0-1

[Event "Belgrade Trophy 30th"]
[Site "Belgrade"]
[Date "2016.11.29"]
[Round "6"]
[White "Konstantinov, Aleksandar1111"]
[Black "Petrekanovic, Miroslav"]
[Result "1/2-1/2"]
[WhiteElo "2264"]
[BlackElo "2153"]
[PlyCount "41"]
[EventDate "2016.11.24"]
[EventType "swiss"]
[EventRounds "9"]
[EventCountry "SRB"]
[SourceTitle "CBM 175 Extra"]
[Source "ChessBase"]
[SourceDate "2016.12.12"]
[SourceVersion "1"]
[SourceVersionDate "2016.12.12"]
[SourceQuality "1"]

1. d4 d5 2. c4 e6 3. Nc3 c5 4. cxd5 cxd4 5. Qxd4 Nc6 6. Qd1 exd5 7. e3 Nf6 8. Nf3 Bc5 9. Be2 0-0 10. 0-0 a6 11. a3 Bb6 12. b4 Qd6 13. b5 Ne5 14. Nxe5 Qxe5 15. Bb2 Bc7 16. g3 Bh3 17. Re1 Qf5 18. Qd3 Qg5 19. f4 Qf5 20. Qxf5 Bxf5 21. Bf3 1/2-1/2

[Event "Belgrade Cup 16th"]
[Site "Belgrade"]
[Date "2016.05.13"]
[Round "5.1"]
[White "Savic, Dragoljub"]
[Black "Petrekanovic, Miroslav"]
[Result "1-0"]
[WhiteElo "2102"]
[BlackElo "2175"]
[PlyCount "57"]
[EventDate "2016.05.09"]
[EventType "team-swiss"]
[EventRounds "5"]
[EventCountry "SRB"]
[SourceTitle "CBM 172 Extra"]
[Source "ChessBase"]
[SourceDate "2016.06.21"]
[SourceVersion "1"]
[SourceVersionDate "2016.06.21"]
[SourceQuality "1"]
[WhiteTeam "Lasta"]
[BlackTeam "Banjica"]
[WhiteTeamCountry "SRB"]
[BlackTeamCountry "SRB"]

1. d4 d5 2. c4 e5 3. Nc3 dxc4 4. dxe5 Qxd1+ 5. Kxd1 Be6 6. Bg5 h6 7. Bh4 g5 8. Bg3 Nc6 9. h4 0-0-0+ 10. Kc1 Bg7 11. hxg5 hxg5 12. Rxh8 Bxh8 13. Nf3 g4 14. Ng5 Bxe5 15. Nxe6 fxe6 16. Bxe5 Nxe5 17. f4 Rf8 18. e3 Nh6 19. Kc2 Nf5 20. Re1 Ng3 21. Be2 Nxe2 22. Rxe2 Nd3 23. Ne4 Rd8 24. Nf6 g3 25. Ne4 b5 26. a3 a5 27. Nxg3 Rg8 28. Ne4 Kd7 29. Nf6+ 1-0

[Event "Belgrade Trophy 29th"]
[Site "Belgrade"]
[Date "2015.12.02"]
[Round "9"]
[White "Petrekanovic, Miroslav"]
[Black "Yermolinsky, Alex"]
[Result "0-1"]
[WhiteElo "2175"]
[BlackElo "2506"]
[PlyCount "70"]
[EventDate "2015.11.24"]
[EventType "swiss"]
[EventRounds "9"]
[EventCountry "SRB"]
[SourceTitle "CBM 169 Extra"]
[Source "ChessBase"]
[SourceDate "2015.12.18"]
[SourceVersion "1"]
[SourceVersionDate "2015.12.18"]
[SourceQuality "1"]

1. b3 Nf6 2. Bb2 e6 3. Nf3 b6 4. d3 d5 5. e3 Bb7 6. Nbd2 c5 7. d4 Bd6 8. Bb5+ Nbd7 9. Ne5 0-0 10. 0-0 a6 11. Bd3 b5 12. Nxd7 Nxd7 13. dxc5 Nxc5 14. Qh5 Nxd3 15. cxd3 f6 16. Nf3 Qd7 17. Qg4 Rad8 18. Nd4 Bc8 19. Qf3 e5 20. Ne2 Bb7 21. Ng3 f5 22. a4 b4 23. e4 fxe4 24. Qh5 Qf7 25. Qxf7+ Rxf7 26. dxe4 dxe4 27. Rad1 Bc7 28. Rxd8+ Bxd8 29. Re1 Bb6 30. Re2 Bd5 31. Bxe5 Bxb3 32. a5 Bxa5 33. Rxe4 Bc2 34. Rc4 b3 35. Rc6 Re7 0-1

[Event "Belgrade Jezero op"]
[Site "Belgrade"]
[Date "2015.08.14"]
[Round "7"]
[White "Petrekanovic, Miroslav"]
[Black "Smolovic, Mile"]
[Result "1/2-1/2"]
[WhiteElo "2102"]
[BlackElo "2309"]
[PlyCount "75"]
[EventDate "2015.08.08"]
[EventType "swiss"]
[EventRounds "9"]
[EventCountry "SRB"]
[SourceTitle "EXT 2016"]
[Source "ChessBase"]
[SourceDate "2015.10.08"]
[SourceVersion "1"]
[SourceVersionDate "2015.10.08"]
[SourceQuality "1"]

1. e4 c5 2. b4 cxb4 3. Nf3 d5 4. exd5 Qxd5 5. c4 Qd8 6. d4 e6 7. Bd3 Nf6 8. 0-0 Be7 9. a3 Nc6 10. Bb2 0-0 11. Re1 b6 12. Ne5 Bb7 13. Nxc6 Bxc6 14. axb4 Bxb4 15. Re3 g6 16. Na3 Re8 17. Nc2 Bf8 18. Qe2 Bg7 19. Nb4 Bb7 20. Bc2 Qc7 21. Bb3 Nh5 22. g3 Red8 23. Rd3 a5 24. Nc2 Bc6 25. Na3 Qb7 26. d5 exd5 27. cxd5 Be8 28. Bxg7 Nxg7 29. Qd2 b5 30. d6 Bc6 31. Bd5 Rxd6 32. Bxc6 Rxc6 33. Rd8+ Ne8 34. Rxa8 Qxa8 35. Nxb5 a4 36. Qd4 Qa5 37. Na7 Rd6 38. Qxa4 1/2-1/2

[Event "Belgrade Jezero op"]
[Site "Belgrade"]
[Date "2015.08.11"]
[Round "4"]
[White "Djokic, Nenad"]
[Black "Petrekanovic, Miroslav"]
[Result "1-0"]
[WhiteElo "2343"]
[BlackElo "2102"]
[PlyCount "109"]
[EventDate "2015.08.08"]
[EventType "swiss"]
[EventRounds "9"]
[EventCountry "SRB"]
[SourceTitle "EXT 2016"]
[Source "ChessBase"]
[SourceDate "2015.10.08"]
[SourceVersion "1"]
[SourceVersionDate "2015.10.08"]
[SourceQuality "1"]

1. d4 d5 2. c4 e5 3. dxe5 d4 4. Nf3 Nc6 5. Nbd2 Nge7 6. Nb3 Nf5 7. e4 dxe3 8. Qxd8+ Nxd8 9. fxe3 Be7 10. Bd3 Nh4 11. 0-0 Nxf3+ 12. gxf3 Nc6 13. f4 Bh3 14. Rf3 Bg4 15. Rg3 h5 16. Bd2 Rd8 17. Be4 g6 18. Bc3 Be6 19. Nd4 h4 20. Rg2 Bc5 21. Nxe6 Bxe3+ 22. Kh1 fxe6 23. Rxg6 Kf7 24. Rf6+ Ke7 25. Kg2 Rdg8+ 26. Kf3 Bg1 27. Bxc6 bxc6 28. Bb4+ Kd7 29. Rd1+ Kc8 30. Rd2 c5 31. Bc3 Rd8 32. Rg2 Rd1 33. Rxe6 h3 34. Re2 Rf1+ 35. Ke4 Rg8 36. Kf5 Bd4 37. Rh6 Rf8+ 38. Rf6 Rg8 39. Re4 Rf2 40. Bxd4 cxd4 41. e6 Re8 42. Rxd4 Rxh2 43. Rh6 Re2 44. Re4 Rxb2 45. Rxh3 Rf8+ 46. Ke5 Rxa2 47. Rd3 Rh2 48. Rf3 Ra2 49. c5 Rd2 50. f5 c6 51. e7 Rd5+ 52. Ke6 Re8 53. f6 Rd7 54. Kf7 Rh8 55. Kg7 1-0

[Event "Belgrade Jezero op"]
[Site "Belgrade"]
[Date "2015.08.09"]
[Round "2"]
[White "Masic, Predrag"]
[Black "Petrekanovic, Miroslav"]
[Result "1/2-1/2"]
[WhiteElo "2364"]
[BlackElo "2102"]
[PlyCount "52"]
[EventDate "2015.08.08"]
[EventType "swiss"]
[EventRounds "9"]
[EventCountry "SRB"]
[SourceTitle "EXT 2016"]
[Source "ChessBase"]
[SourceDate "2015.10.08"]
[SourceVersion "1"]
[SourceVersionDate "2015.10.08"]
[SourceQuality "1"]

1. e4 Nf6 2. e5 Nd5 3. d4 d6 4. Nf3 g6 5. Bc4 Nb6 6. Bb3 Bg7 7. 0-0 0-0 8. Re1 Bg4 9. h3 Bxf3 10. Qxf3 Nc6 11. exd6 Nxd4 12. Qxb7 exd6 13. c3 Re8 14. Be3 Rb8 15. Qa6 Nxb3 16. axb3 Nd5 17. Bd2 Rxe1+ 18. Bxe1 Qg5 19. Bd2 Nf4 20. Qc6 d5 21. Bxf4 Qxf4 22. Na3 Be5 23. g3 Qf3 24. Re1 Bxg3 25. fxg3 Qxg3+ 26. Kf1 Qf3+ 1/2-1/2

[Event "Belgrade Trophy 28th"]
[Site "Belgrade"]
[Date "2014.12.01"]
[Round "8"]
[White "Zivkovic, Nemanja"]
[Black "Petrekanovic, Miroslav"]
[Result "1-0"]
[WhiteElo "2334"]
[BlackElo "2131"]
[PlyCount "91"]
[EventDate "2014.11.24"]
[EventType "swiss"]
[EventRounds "9"]
[EventCountry "SRB"]
[SourceTitle "CBM 163 Extra"]
[Source "ChessBase"]
[SourceDate "2014.12.23"]
[SourceVersion "1"]
[SourceVersionDate "2014.12.23"]
[SourceQuality "1"]

1. e4 Nf6 2. e5 Nd5 3. c4 Nb6 4. d4 d6 5. exd6 cxd6 6. Nc3 g6 7. Be3 Bg7 8. Rc1 0-0 9. Nf3 Bg4 10. b3 Nc6 11. d5 Ne5 12. Be2 Bxf3 13. Bxf3 Nxf3+ 14. Qxf3 Nd7 15. 0-0 a6 16. Ne4 Rc8 17. Rfe1 Qa5 18. a4 Bb2 19. Bd2 Qb6 20. Rc2 Bg7 21. Qh3 Ne5 22. Bh6 Bxh6 23. Qxh6 f6 24. Qh3 Kg7 25. Kh1 h5 26. f4 Ng4 27. Qc3 Rfe8 28. a5 Qa7 29. b4 Rcd8 30. Rce2 e5 31. h3 Nh6 32. Nxf6 Kxf6 33. fxe5+ dxe5 34. Rxe5 Kf7 35. c5 Qb8 36. Rf1+ Kg8 37. Rg5 Kh7 38. Qd3 Rg8 39. Rf6 Rde8 40. d6 Re1+ 41. Kh2 Qe8 42. d7 Qe3 43. Qxe3 Rxe3 44. Rgxg6 Nf7 45. Rxg8 Kxg8 46. Rxf7 1-0

[Event "Belgrade Trophy 28th"]
[Site "Belgrade"]
[Date "2014.11.29"]
[Round "6"]
[White "Petrekanovic, Miroslav"]
[Black "Popovic, Aleksandar M"]
[Result "1-0"]
[WhiteElo "2131"]
[BlackElo "2268"]
[PlyCount "78"]
[EventDate "2014.11.24"]
[EventType "swiss"]
[EventRounds "9"]
[EventCountry "SRB"]
[SourceTitle "CBM 163 Extra"]
[Source "ChessBase"]
[SourceDate "2014.12.23"]
[SourceVersion "1"]
[SourceVersionDate "2014.12.23"]
[SourceQuality "1"]

1. d4 Nf6 2. c4 e6 3. Nf3 b6 4. g3 Ba6 5. b3 Bb4+ 6. Bd2 Be7 7. Bg2 d5 8. Bc3 Ne4 9. 0-0 0-0 10. Ne5 f6 11. Ng4 f5 12. Ne5 Bf6 13. Qc2 c5 14. e3 Nd7 15. Rd1 cxd4 16. Nc6 Qe8 17. Nxd4 dxc4 18. bxc4 Rc8 19. Bb4 Rf7 20. Bxe4 fxe4 21. Nd2 Nc5 22. Rab1 e5 23. Nf5 Qe6 24. g4 h5 25. Bxc5 Rxc5 26. Nxe4 Rxc4 27. Qb3 Kh7 28. h3 hxg4 29. hxg4 Qc6 30. f3 Rf8 31. Nfd6 Rc2 32. Qe6 Bc8 33. Qb3 Ba6 34. Qe6 Bd8 35. g5 Rxf3 36. g6+ Kh6 37. Nf7+ Rxf7 38. Qxc6 Rxc6 39. gxf7 Rg6+ 1-0

[Event "Belgrade Spring op"]
[Site "Belgrade"]
[Date "2013.03.20"]
[Round "1"]
[White "Petrekanovic, Miroslav"]
[Black "Masovic, Bogosav"]
[Result "0-1"]
[WhiteElo "2128"]
[BlackElo "1741"]
[PlyCount "80"]
[EventDate "2013.03.20"]
[EventType "swiss"]
[EventRounds "9"]
[EventCountry "SRB"]
[SourceTitle "CBM 153 Extra"]
[Source "ChessBase"]
[SourceDate "2013.04.22"]
[SourceVersion "1"]
[SourceVersionDate "2013.04.22"]
[SourceQuality "1"]

1. d4 d5 2. c4 e6 3. Nc3 c6 4. cxd5 exd5 5. Qc2 Nf6 6. Bg5 Be7 7. e3 Bg4 8. Bd3 Nbd7 9. Nge2 Bxe2 10. Nxe2 Bd6 11. 0-0 h6 12. Bf4 Bxf4 13. Nxf4 0-0 14. b4 Re8 15. a4 Qe7 16. Rab1 Rab8 17. Rfc1 Rec8 18. Bf5 a6 19. Nd3 Ne4 20. Qa2 Rd8 21. b5 axb5 22. axb5 Ra8 23. Qb2 Nd6 24. Bxd7 Nc4 25. Qb4 Qxd7 26. bxc6 bxc6 27. Ne5 Nxe5 28. dxe5 Rab8 29. Qd4 Qf5 30. Ra1 Rdc8 31. f4 Rb3 32. Rc3 Rxc3 33. Qxc3 c5 34. Ra5 Qb1+ 35. Kf2 Rb8 36. Kg3 Qg6+ 37. Kh3 h5 38. g3 Qg4+ 39. Kg2 Qe2+ 40. Kh3 Rb2 0-1